[Event "DEN-ch Jr op"]
[Site "Haderslev"]
[Date "1981.06.??"]
[Round "3"]
[White "Andresen, Jesper"]
[Black "Nielsen, Jan"]
[Result "0-1"]
[WhiteElo "1919"]
[BlackElo "2023"]

1. c4 e5 2. Nc3 f5 3. e3 Nf6 4. Nf3 e4 5. Nd4 g6 6. b3 Bg7 7. Bb2 O-O
8. Be2 c5 9. Nc2 Nc6 10. d4 d6 11. O-O g5 12. Rb1 Ne7 13. b4 cxb4 14.
Nxb4 f4 15. Nbd5 Nfxd5 16. cxd5 Bf5 17. Rc1 a6 18. a4 Rf6 19. Bg4 Qd7
20. Bxf5 Qxf5 21. h3 Raf8 22. Qg4 Qg6 23. h4 gxh4 24. Qxg6 Rxg6 25.
Nxe4 f3 26. g3 Nxd5 27. Kh2 Re8 28. Nd2 hxg3+ 29. fxg3 Rxe3 30. Rc8+
Bf8 31. Rxf3 Re2+ 32. Kg1 Rf6 33. Rxf6 Nxf6 34. Bc1 Kf7 35. Kf1 Re3
36. Rc7+ Ke6 37. Kf2 Ng4+ 38. Kg2 Bh6 39. Nf3 Re2+ 40. Kh3 Nf2+ 41. Kh4
Bxc1 42. Rxc1 Kd5 43. Rb1 Kc6 44. Rc1+ Kd7 45. Rb1 Kc6 46. Rc1+ Kd5
47. Rb1 Ra2 48. Rxb7 Rxa4 49. g4 Ra1 50. Kg3 Ne4+ 51. Kf4 Rf1 52. Ke3
Nf6 53. g5 Ng4+ 54. Kf4 Nh2 55. Kg3 Nxf3 0-1

[Event "DEN-ch Jr op"]
[Site "Haderslev"]
[Date "1981.06.??"]
[Round "3"]
[White "Light, Bjarne"]
[Black "Nielsen, Lars"]
[Result "1/2-1/2"]
[WhiteElo "1904"]
[BlackElo "2037"]
[PlyCount "113"]

1. e4 c6 2. d4 d5 3. exd5 cxd5 4. c4 Nf6 5. Nc3 g6 6. Nf3 Bg7 7. Bg5 dxc4 8.
Bxc4 O-O 9. O-O Nbd7 10. d5 Qc7 11. Bb3 Nc5 12. Bc2 Rd8 13. Rc1 Be6 14. Bb3 Qa5
15. Bc4 h6 16. Bd2 Bg4 17. Nb5 Qb6 18. b4 Nxd5 19. bxc5 Qxc5 20. Qb3 e6 21.
Rfd1 a6 22. Bxd5 Qxd5 23. Qxd5 exd5 24. Nc3 b5 25. Ne2 d4 26. Ba5 Bxf3 27. gxf3
Rd7 28. Nf4 Re8 29. Nd3 Re2 30. Rd2 Rxd2 31. Bxd2 Rd6 32. Rc8+ Kh7 33. Rc7 Kg8
34. Bb4 Re6 35. Kf1 f5 36. Nf4 Rf6 37. Ke2 a5 38. Bc5 Ra6 39. Rc8+ Kf7 40. h3
g5 41. Nd3 Bf6 42. Rb8 b4 43. Rb7+ Ke8 44. Rb6 Rxb6 45. Bxb6 Bd8 46. Bxd4 Kf7
47. Nc5 h5 48. Na4 h4 49. Bb6 Bxb6 50. Nxb6 Ke6 51. Nc4 a4 52. Ne3 Ke5 53. Nc2
b3 54. axb3 axb3 55. Na3 Kd4 56. Nb1 b2 57. Na3 1/2-1/2

[Event "DEN-ch Jr op"]
[Site "Haderslev"]
[Date "1981.06.??"]
[Round "3"]
[White "Caspersen, Jes"]
[Black "Fluckiger, Christian"]
[Result "1-0"]
[WhiteElo "1907"]
[BlackElo "2160"]

1. e4 d6 2. d4 Nf6 3. Nc3 g6 4. f4 Bg7 5. Nf3 O-O 6. Bd3 Nc6 7. Be3 e5
8. fxe5 dxe5 9. d5 Nd4 10. Nxd4 Ng4 11. Nf5 gxf5 12. Bc5 f4 13. Qf3 Qg5
14. Bxf8 Bxf8 15. h3 Ne3 16. Ke2 h5 17. Nd1 Bc5 18. Nxe3 Bxe3 19. g3
Kf8 20. gxf4 exf4 21. Bc4 Bg4 22. hxg4 hxg4 23. Qf1 f3+ 24. Kd3 Qf4
25. Rh8+ Ke7 26. Rxa8 f5 27. Rd1 fxe4+ 28. Kc3 Bc5 29. Bb5 e3 30. Qc4
Qxc4+ 31. Bxc4 g3 32. Rg8 Bd6 33. Be2 1-0

[Event "DEN-ch Jr op"]
[Site "Haderslev"]
[Date "1981.06.??"]
[Round "3"]
[White "Fransson, Peter"]
[Black "Prie, Erik"]
[Result "0-1"]
[WhiteElo "2181"]
[BlackElo "2160"]

1. e4 e6 2. d3 b5 3. g3 Bb7 4. Bg2 c5 5. Nf3 d6 6. O-O Nd7 7. Qe2 Ngf6
8. Nh4 Be7 9. f4 O-O 10. g4 Nxg4 11. Qxg4 Bxh4 12. f5 Ne5 13. Qh5 exf5
14. exf5 Bxg2 15. Kxg2 d5 16. Nc3 b4 17. Ne2 Bf6 18. Nf4 Qd6 19. Qh3
Rfe8 20. Qg3 Nd7 21. Qf3 Re5 22. Nh5 Rae8 23. Bf4 Re2+ 24. Kh3 Qc6 25.
Rg1 Bxb2 26. Rxg7+ Bxg7 27. Qg3 R2e3 28. Bxe3 Rxe3 29. Qxe3 Qh6 30.
Qxh6 Bxh6 31. Re1 Kf8 32. Kg4 Bd2 33. Re2 Bc3 34. Nf4 Nf6+ 35. Kf3 a5
36. Ng2 a4 37. Ne3 Bd4 38. h3 Bc3 39. Nd1 Bd4 40. c4 dxc4 41. dxc4 Nd7
42. Ke4 Ne5 43. Kd5 Nd3 44. Rd2 Nf4+ 45. Ke4 Nxh3 46. Nb2 Nf2+ 47. Kd5
a3 48. Nd3 Nxd3 0-1

[Event "DEN-ch Jr op"]
[Site "Haderslev"]
[Date "1981.06.??"]
[Round "3"]
[White "Holmsgaard, Henrik"]
[Black "Rasmussen, Karsten"]
[Result "0-1"]
[WhiteElo "2101"]
[BlackElo "2250"]

1. d4 Nf6 2. c4 g6 3. Nc3 Bg7 4. e4 d6 5. Be2 O-O 6. Bg5 c6 7. Qd2 Nbd7
8. Nf3 e5 9. O-O exd4 10. Nxd4 Re8 11. Rad1 Qe7 12. Qf4 Qe5 13. Bf3 Nc5
14. Rfe1 Be6 15. b3 Rad8 16. Qh4 Bc8 17. Bf4 Qe7 18. Re3 Ncd7 19. h3
Ne5 20. Be2 Qf8 21. Bh2 Qe7 22. Kh1 a6 23. f4 Ned7 24. Bg1 Nc5 25. Bf3
h5 26. b4 Ne6 27. Nf5 gxf5 28. exf5 Nd5 29. Qxe7 Nxe7 30. fxe6 Bxe6
31. Be2 Nf5 32. Rf3 h4 33. Bf2 b5 34. cxb5 axb5 35. Bd3 Bxc3 36. Bxf5
Bxb4 37. Bxe6 Rxe6 38. Bxh4 Ra8 39. Rf2 Be1 40. f5 Bxf2 41. fxe6 Bxh4
42. exf7+ Kxf7 43. Rxd6 c5 44. Rd5 Be7 0-1

[Event "DEN-ch Jr op"]
[Site "Haderslev"]
[Date "1981.06.??"]
[Round "3"]
[White "Iversen, Jorgen"]
[Black "Madsen, John"]
[Result "1/2-1/2"]
[WhiteElo "2005"]
[BlackElo "2023"]

1. e4 c5 2. Nf3 Nc6 3. d4 cxd4 4. Nxd4 Nf6 5. Nc3 e5 6. Nb3 Be7 7. Be2
O-O 8. O-O d6 9. Be3 Be6 10. Qd2 a6 11. Rad1 b5 12. f3 Qb8 13. g4 Rd8
14. g5 Nd7 15. Nd5 Bf8 16. Qe1 Bh3 17. Rf2 Nc5 18. Na5 Nxa5 19. Qxa5
Qb7 20. b4 Na4 21. c4 Rdc8 22. Rc1 Bd7 23. Bd1 Rc6 24. Bxa4 bxa4 25.
Rfc2 Rb8 26. a3 Kh8 27. Kf2 Kg8 28. Ke2 Be8 29. h4 Qc8 30. Bf2 Rb7 31.
Rc3 Bd7 32. Kd2 Be8 33. Ke2 Bd7 34. Kd2 Be8 35. Ke2 Bd7 36. Ke3 Be8
37. Kd2 Bd7 38. Ke2 Be8 39. Kd3 Bd7 40. Kd2 Be8 41. Qxa4 f5 42. gxf6 g6
43. Qb3 Qh3 44. a4 Bh6+ 45. f4 Qg2 46. Rf3 Bxf4+ 47. Nxf4 exf4 48. Ke2
Qg4 49. b5 axb5 50. axb5 Rc8 51. Qd1 Qe6 52. Qd5 Qxd5 53. exd5 Bxb5
54. Rxf4 Kf7 55. Kd3 Bd7 56. c5 dxc5 57. Rxc5 Rxc5 58. Bxc5 Bf5+ 59.
Kc4 Kxf6 60. Bd4+ Ke7 61. Be5 Kd7 62. Kc5 Rb1 63. Ra4 Rc1+ 64. Kd4 Rd1+
65. Kc4 Rc1+ 66. Bc3 h5 67. Ra7+ Kd6 68. Ra6+ Kd7 69. Kb4 Rh1 70. Bf6
Rb1+ 71. Kc3 Rd1 72. d6 Rxd6 73. Rxd6+ Kxd6 74. Kd4 1/2-1/2

[Event "DEN-ch Jr op"]
[Site "Haderslev"]
[Date "1981.06.??"]
[Round "3"]
[White "Jelling, Erik"]
[Black "Watson, William"]
[Result "0-1"]
[WhiteElo "2084"]
[BlackElo "2350"]

1. e4 c5 2. c3 Nf6 3. e5 Nd5 4. d4 cxd4 5. Qxd4 e6 6. Nf3 Nc6 7. Qe4 d6
8. Nbd2 dxe5 9. Nxe5 Nf6 10. Qa4 Qc7 11. Ndf3 Bd6 12. Nc4 Be7 13. Be3
Nd5 14. Bd4 O-O 15. Ne3 Nxd4 16. Qxd4 Bc5 17. Nxd5 exd5 18. Qd2 Re8+
19. Be2 Qe7 20. Nd4 Bd7 21. Kd1 Bxd4 22. cxd4 Rac8 23. Bd3 Bg4+ 24. f3
Bh5 25. Re1 Qh4 26. Rxe8+ Rxe8 27. h3 Bg6 28. Bxg6 hxg6 29. Rc1 Qf6
30. Rc7 Qa6 31. Qf2 Qxa2 32. Kc2 Qa6 33. Kb1 Qd3+ 34. Ka2 g5 35. Rc2 g6
36. Rd2 Qc4+ 37. Kb1 Rc8 38. Rc2 Qd3 39. Qe2 Qxc2+ 40. Qxc2 Rxc2 41.
Kxc2 Kf8 42. Kc3 b6 43. b4 b5 44. Kd3 Ke7 45. Kd2 Kd6 46. Kd3 Kc6 47.
Kc3 Kb6 48. Kb3 a5 49. Ka3 f5 50. g4 f4 51. Kb3 Ka6 0-1

[Event "DEN-ch Jr op"]
[Site "Haderslev"]
[Date "1981.06.??"]
[Round "3"]
[White "Kirkmeester, Heiko"]
[Black "Zielinski, Marek"]
[Result "1/2-1/2"]
[WhiteElo "2225"]
[BlackElo "2125"]

1. d4 Nf6 2. c4 e6 3. g3 d5 4. Bg2 Be7 5. Nf3 O-O 6. O-O dxc4 7. Qc2 a6
8. a4 Bd7 9. Qxc4 Bc6 10. Bf4 Nbd7 11. Rd1 Nb6 12. Qc2 Nbd5 13. Nc3
Nxf4 14. gxf4 Bd6 15. e3 Qe7 16. Rac1 Rfd8 17. Ne5 Bxg2 18. Kxg2 Rac8
19. Ne4 Nxe4 20. Qxe4 c6 21. Rc4 Qh4 1/2-1/2

[Event "DEN-ch Jr op"]
[Site "Haderslev"]
[Date "1981.06.??"]
[Round "3"]
[White "Lutz, Richard"]
[Black "Hofmann, Michael"]
[Result "0-1"]
[WhiteElo "2160"]
[BlackElo "2061"]

1. c4 g6 2. Nc3 Bg7 3. d4 c5 4. d5 d6 5. e4 Nf6 6. Be2 O-O 7. Bg5 a6
8. a4 Qa5 9. Qd2 b5 10. cxb5 axb5 11. Bxb5 Qb4 12. f3 Bd7 13. Bxd7
Nbxd7 14. Nge2 Rfb8 15. Rb1 Ne5 16. O-O Nc4 17. Qc1 Qb3 18. f4 Nb6 19.
Rf3 Nxa4 20. Qd2 Nxc3 21. Nxc3 h6 22. Bxf6 Bxf6 23. e5 dxe5 24. fxe5
Bxe5 25. Qxh6 Bd4+ 26. Kh1 Bxc3 27. Rbf1 Bg7 28. Qg5 f6 29. Qxg6 Qxd5
30. Rg3 Qf7 31. Qf5 Rxb2 32. h4 Rd2 33. h5 Rd5 34. Rxg7+ Kxg7 0-1

[Event "DEN-ch Jr op"]
[Site "Haderslev"]
[Date "1981.06.??"]
[Round "3"]
[White "Norgaard, Jesper"]
[Black "Danielsen, Henrik"]
[Result "1/2-1/2"]
[WhiteElo "2244"]
[BlackElo "2075"]

1. e4 c6 2. d4 d5 3. Nd2 dxe4 4. Nxe4 Bf5 5. Ng3 Bg6 6. Nf3 Nd7 7. Bd3
e6 8. O-O Ngf6 9. c4 Bd6 10. Re1 O-O 11. Bxg6 hxg6 12. Bd2 Qc7 13. Bc3
c5 14. Qe2 Rad8 15. Rad1 Rfe8 16. b3 b6 17. Qc2 Nb8 18. Qb2 Nbd7 19.
Nf1 Be7 20. Qc2 Nb8 21. Ne3 cxd4 22. Nxd4 Nc6 23. Nb5 Qb7 24. Qb2 Rxd1
25. Rxd1 Rd8 26. Rxd8+ Nxd8 27. a4 Nc6 28. h3 Qd7 29. Nd4 Nxd4 30. Bxd4
Ne8 31. Ng4 f6 32. Qc3 Nd6 33. Qc2 Nf5 34. Bc3 Kf7 35. Nh2 a5 36. Nf3
Bc5 37. Qe2 Ng3 38. Qc2 Qc6 39. Be1 Ne4 40. Qe2 Qb7 41. Qd3 1/2-1/2

[Event "DEN-ch Jr op"]
[Site "Haderslev"]
[Date "1981.06.??"]
[Round "3"]
[White "Ochsner, Thomas"]
[Black "Winants, Luc"]
[Result "1/2-1/2"]
[WhiteElo "2029"]
[BlackElo "2138"]

1. e4 c5 2. c3 Nf6 3. e5 Nd5 4. d4 cxd4 5. cxd4 e6 6. Nf3 b6 7. Nc3
Nxc3 8. bxc3 Qc7 9. Bd2 Bb7 10. Bd3 d6 11. O-O Nd7 12. exd6 Bxd6 13. h3
O-O 14. Re1 Bf4 15. Be4 Bxe4 16. Rxe4 Bxd2 17. Qxd2 Rac8 18. Rc1 Nf6
19. Ree1 b5 20. Rc2 Nd5 21. Rec1 Nb6 22. Qd3 Nc4 23. Ng5 g6 24. Ne4
Rfd8 25. Qf3 Na3 26. Rd2 Qe7 27. Rcd1 Kg7 28. d5 exd5 29. Rxd5 Rxd5
30. Rxd5 Rd8 31. Qd3 Rxd5 32. Qxd5 a6 33. g4 h6 34. Qd4+ f6 35. h4 Nc2
36. Qd3 Ne1 37. Qe3 Nc2 38. Qf4 Ne1 39. h5 Nd3 40. Qe3 Ne5 41. hxg6
Nxg4 42. Qf4 Qe6 43. Nc5 Qd5 44. Nxa6 1/2-1/2

[Event "DEN-ch Jr op"]
[Site "Haderslev"]
[Date "1981.06.??"]
[Round "3"]
[White "Ray, Dennis"]
[Black "Bang, Peter"]
[Result "1/2-1/2"]
[WhiteElo "2126"]
[BlackElo "1945"]
[WhiteElo "2200"]
[BlackElo "2290"]

1. e4 Nf6 2. e5 Nd5 3. d4 d6 4. c4 Nb6 5. f4 dxe5 6. fxe5 Nc6 7. Be3
Bf5 8. Nc3 e6 9. Nf3 Be7 10. Be2 O-O 11. O-O f6 12. Nh4 fxe5 13. Nxf5
exf5 14. d5 Na5 15. Bxb6 axb6 16. Qb1 e4 17. Rd1 Bc5+ 18. Kh1 Bd6 19.
g3 Rf6 20. Rg1 Rh6 21. Rg2 Qf6 22. Qc2 Be5 23. Rf1 Bxc3 24. bxc3 Qe5
25. Qc1 Rf6 26. Rf4 c6 27. g4 cxd5 28. cxd5 Rc8 29. Rxf5 Rxf5 30. gxf5
Qxc3 31. Qg5 Qc1+ 32. Rg1 Qxg5 33. Rxg5 Kf7 34. Rg4 Rd8 35. Rxe4 Rxd5
36. Rb4 Rxf5 37. Rxb6 Rc5 38. a4 Rc6 39. Rb5 b6 40. Kg2 Kf6 1/2-1/2

[Event "DEN-ch Jr op"]
[Site "Haderslev"]
[Date "1981.06.??"]
[Round "3"]
[White "Rewitz, Poul"]
[Black "Schandorff, Lars"]
[Result "1/2-1/2"]
[WhiteElo "2007"]
[BlackElo "2165"]

1. c3 Nf6 2. d4 g6 3. Bg5 Bg7 4. Nd2 d5 5. e3 O-O 6. Bd3 b6 7. f4 Ba6
8. Qe2 Bxd3 9. Qxd3 Qd7 10. Ngf3 Qe6 11. O-O Ne4 12. c4 c6 13. Rac1 Nd7
14. cxd5 cxd5 15. Rc2 Rfc8 16. Rfc1 Ndf6 17. Bxf6 Nxf6 18. Ne5 Ne8 19.
Qb5 Rxc2 20. Rxc2 Nd6 21. Qb3 f6 22. Nc6 Kf8 23. Nb4 a5 24. Nc6 Rc8
25. Rc3 Nf5 26. Qxb6 Nxe3 27. Ne5 Qf5 28. Rxc8+ Qxc8 29. Qc6 Qxc6 30.
Nxc6 a4 31. h3 Ke8 32. b4 axb3 33. Nxb3 Kd7 34. Nb4 e5 35. fxe5 fxe5
36. dxe5 Bxe5 37. Kf2 Bd6 38. Kxe3 Bxb4 39. Kd4 Kd6 40. a4 Be1 41. Nc1
Bf2+ 42. Kd3 Kc5 43. Ne2 Be1 44. Nc3 1/2-1/2

[Event "DEN-ch Jr op"]
[Site "Haderslev"]
[Date "1981.06.??"]
[Round "3"]
[White "Sorensen, Torben N"]
[Black "Christensen, Jan Schleicher"]
[Result "1-0"]
[WhiteElo "1952"]
[BlackElo "2019"]

1. d4 b6 2. e4 Bb7 3. Bd3 c5 4. d5 e5 5. c4 g6 6. f4 Bg7 7. Nc3 d6 8.
Nf3 Nd7 9. O-O Ne7 10. fxe5 Nxe5 11. Nxe5 Bxe5 12. Qa4+ Kf8 13. Bh6+
Bg7 14. Bf4 a6 15. Qc2 Qd7 16. Qf2 Ng8 17. Bxd6+ Ke8 18. Kh1 Nh6 19.
Bf4 Bd4 20. Qh4 Ng4 21. e5 1-0

[Event "DEN-ch Jr op"]
[Site "Haderslev"]
[Date "1981.06.??"]
[Round "3"]
[White "Windelboe, Werner"]
[Black "Agdestein, Espen"]
[Result "0-1"]
[WhiteElo "1982"]
[BlackElo "2100"]

1. e4 c6 2. d4 d5 3. e5 Bf5 4. Nc3 e6 5. g4 Bg6 6. Nge2 c5 7. Be3 Nc6
8. dxc5 Nxe5 9. Nd4 Nf6 10. Bb5+ Ned7 11. f4 a6 12. Ba4 Bxc5 13. g5 Ne4
14. f5 Nxc3 15. bxc3 exf5 16. h4 f4 17. Bxf4 Be4 18. Rh2 b5 19. Bb3 Nb6
20. h5 Bd6 21. Qg4 Qc7 22. Bxd6 Qxd6 23. Re2 O-O 24. Kd2 Rac8 25. Rf1
Qc5 26. Re3 b4 27. Ne2 bxc3+ 28. Nxc3 Nc4+ 29. Bxc4 Qxc4 30. Rf2 Qd4+
31. Ke2 Rxc3 32. Rxc3 Qxc3 33. Kd1 Rc8 0-1

[Event "DEN-ch Jr op"]
[Site "Haderslev"]
[Date "1981.06.??"]
[Round "4"]
[White "Agdestein, Espen"]
[Black "Rasmussen, Karsten"]
[Result "1/2-1/2"]
[WhiteElo "2100"]
[BlackElo "2250"]

1. d4 Nf6 2. Nf3 g6 3. c4 Bg7 4. Nc3 O-O 5. e4 d6 6. Be2 e5 7. dxe5
dxe5 8. Qxd8 Rxd8 9. Bg5 Re8 10. Nd5 Nxd5 11. cxd5 c6 12. Bc4 1/2-1/2

[Event "DEN-ch Jr op"]
[Site "Haderslev"]
[Date "1981.06.??"]
[Round "4"]
[White "Christensen, Jan Schleicher"]
[Black "Iversen, Jorgen"]
[Result "1-0"]
[WhiteElo "2019"]
[BlackElo "2005"]

1. e4 e6 2. d4 d5 3. Nc3 Bb4 4. Nge2 dxe4 5. a3 Be7 6. Nxe4 Nf6 7. Qd3
b6 8. Bf4 Bb7 9. N2c3 Nxe4 10. Nxe4 Nd7 11. O-O-O O-O 12. Qe3 Nf6 13.
Nxf6+ Bxf6 14. Bd3 Qe7 15. Rhg1 c5 16. dxc5 Qxc5 17. Qxc5 bxc5 18. Bc7
Rac8 19. Ba5 Bd8 20. Bc3 Bh4 21. g3 Bg5+ 22. f4 Bf6 23. Bxf6 gxf6 24.
Rge1 Rfe8 25. Be4 Rc7 26. Rd2 Bxe4 27. Rxe4 f5 28. Re1 f6 29. Rde2 Rce7
30. Kd2 e5 31. fxe5 fxe5 32. Kc3 e4 33. Rd1 Kf7 34. Rd5 Re5 35. Kc4 Ke6
36. Red2 Rxd5 37. Rxd5 Rc8 38. Rd1 Rc7 39. Kc3 Ke5 40. Rd8 Re7 41. Kd2
Re6 42. Ke3 Rh6 43. Rc8 Kd6 44. h4 Rf6 45. Kf4 h6 46. Ra8 Rf7 47. Rh8
Rf6 48. h5 Re6 49. Ke3 c4 50. Rg8 Ke5 51. Rc8 Kd5 52. b4 cxb3 53. cxb3
a6 54. b4 Rd6 55. Kf4 Kd4 56. Rc1 Rd5 57. Rc6 Kd3 58. Rxh6 e3 59. Re6
Rd4+ 60. Kf3 Re4 61. Rd6+ 1-0

[Event "DEN-ch Jr op"]
[Site "Haderslev"]
[Date "1981.06.??"]
[Round "4"]
[White "Fluckiger, Christian"]
[Black "Ochsner, Thomas"]
[Result "1/2-1/2"]
[WhiteElo "2160"]
[BlackElo "2029"]

1. e4 e5 2. Bc4 Nf6 3. d3 Nc6 4. Nf3 Be7 5. O-O O-O 6. Nc3 d6 7. h3 Na5
8. Qe2 Nxc4 9. dxc4 c6 10. Be3 Qc7 11. a4 Rd8 12. Rfd1 h6 13. Rd2 Be6
14. Rad1 Qa5 15. c5 d5 16. exd5 Nxd5 17. Nxd5 Rxd5 18. Rxd5 Bxd5 19.
Nxe5 Qxa4 20. Nd3 Bf6 21. b3 Qe4 22. Nf4 Be6 23. Nxe6 Qxe6 24. Qg4 Qxg4
25. hxg4 Rd8 26. Rxd8+ Bxd8 27. Kf1 Kf8 28. Ke2 Ke7 29. Kd3 Ke6 30. Ke4
Bf6 1/2-1/2

[Event "DEN-ch Jr op"]
[Site "Haderslev"]
[Date "1981.06.??"]
[Round "4"]
[White "Fransson, Peter"]
[Black "Danielsen, Henrik"]
[Result "1-0"]
[WhiteElo "2181"]
[BlackElo "2075"]

1. e4 d5 2. exd5 Qxd5 3. Nc3 Qa5 4. d4 Nf6 5. Nf3 Bf5 6. Ne5 c6 7. Bf4
Nbd7 8. Nc4 Qd8 9. Qe2 Be6 10. O-O-O Nb6 11. Ne3 g6 12. Be5 Bg7 13. d5
cxd5 14. Ncxd5 Bxd5 15. Nxd5 Nbxd5 16. Bxf6 Bxf6 17. Qb5+ Qd7 18. Rxd5
Qxb5 19. Bxb5+ Kf8 20. Rd7 Rb8 21. Be2 Kg7 22. Bf3 Rhd8 23. Rhd1 e6
24. Rxd8 Bxd8 25. Rd7 Bb6 26. Bxb7 Bxf2 27. b4 Be1 28. b5 Bb4 29. Bc6
Bc5 30. a4 h5 31. a5 Kf6 32. b6 Be3+ 33. Kd1 axb6 34. a6 b5 35. a7 Bxa7
36. Rxa7 b4 37. Rb7 Rc8 38. Ba4 Rc4 39. Be8 Rg4 40. Rxf7+ Ke5 41. Rf2
Kd4 42. Bc6 e5 43. g3 Kc4 44. Bf3 Rd4+ 45. Rd2 h4 46. Rxd4+ exd4 47.
Kd2 g5 48. Bh5 1-0

[Event "DEN-ch Jr op"]
[Site "Haderslev"]
[Date "1981.06.??"]
[Round "4"]
[White "Holmsgaard, Henrik"]
[Black "Light, Bjarne"]
[Result "1-0"]
[WhiteElo "2101"]
[BlackElo "1904"]

1. d4 Nf6 2. c4 g6 3. Nc3 d5 4. cxd5 Nxd5 5. e4 Nxc3 6. bxc3 c5 7. Nf3
Bg7 8. Rb1 O-O 9. Be2 Nc6 10. d5 Na5 11. c4 b6 12. Bd2 Nb7 13. Qc1 Bg4
14. Bh6 Bxf3 15. Bxf3 Qc7 16. Bxg7 Kxg7 17. h4 h5 18. Bxh5 Qe5 19. Bf3
Nd6 20. O-O Rh8 21. g3 Rag8 22. Rb3 f5 23. exf5 Nxf5 24. Qg5 Qf6 25.
Qxf6+ Kxf6 26. Bg4 Nd4 27. Rb2 Rd8 28. a4 Rd6 29. f4 Rg8 30. Re1 Rgd8
31. Re5 e6 32. dxe6 Nxe6 33. h5 gxh5 34. Rxh5 Ng7 35. Rh6+ Kf7 36. Rxd6
Rxd6 37. Kf2 Rd4 38. Bf3 Nf5 39. a5 Kg7 40. axb6 axb6 41. Bd5 Nd6 42.
Rxb6 Nxc4 43. Bxc4 Rxc4 44. Kf3 Rc1 45. Kg4 c4 46. Kg5 c3 47. Rb7+ Kf8
48. Rc7 c2 49. g4 Ke8 50. f5 Kd8 51. Rc3 Ke7 52. Rc4 Kd6 53. Kf6 Rg1
54. Rxc2 Rxg4 55. Rd2+ Kc6 56. Kf7 Rf4 57. f6 Rf3 58. Kg7 Rg3+ 59. Kf8
Rf3 60. f7 Rf4 61. Rg2 Kd7 62. Kg7 1-0

[Event "DEN-ch Jr op"]
[Site "Haderslev"]
[Date "1981.06.??"]
[Round "4"]
[White "Jelling, Erik"]
[Black "Rewitz, Poul"]
[Result "1/2-1/2"]
[WhiteElo "2084"]
[BlackElo "2007"]

1. e4 c6 2. d4 d5 3. exd5 cxd5 4. Bd3 Nc6 5. c3 Nf6 6. Bf4 Bg4 7. Qb3
Qc8 8. Nd2 e6 9. Ngf3 Be7 10. O-O O-O 11. Ne5 Nxe5 12. Bxe5 Bh5 13.
Bxf6 gxf6 14. f4 f5 15. Rae1 Qd7 16. Re3 Kh8 17. Bb5 Qc7 18. Be2 Bxe2
19. Rxe2 Bd6 20. g3 a6 21. Nf3 b5 22. Ne5 Bxe5 23. dxe5 Rac8 24. Rd2
Qb6+ 25. Kg2 a5 26. a4 Rb8 27. axb5 Qxb5 28. Qxb5 Rxb5 29. Ra1 Rfb8
30. Ra2 a4 31. Kf2 Rb3 32. Rc2 Ra8 33. Ra3 Rxa3 34. bxa3 Rc8 35. Ke3
Kg7 36. c4 dxc4 37. Kd4 Rd8+ 38. Kxc4 Rc8+ 39. Kd3 Rd8+ 40. Ke2 Rb8
1/2-1/2

[Event "DEN-ch Jr op"]
[Site "Haderslev"]
[Date "1981.06.??"]
[Round "4"]
[White "Lutz, Richard"]
[Black "Sorensen, Torben N"]
[Result "1/2-1/2"]
[WhiteElo "2160"]
[BlackElo "1952"]

1. c4 g6 2. g3 Bg7 3. Bg2 c5 4. Nc3 Nc6 5. Nf3 e6 6. e3 Nge7 7. O-O O-O
8. d4 cxd4 9. Nxd4 d5 10. cxd5 Nxd4 11. exd4 Nxd5 12. Nxd5 exd5 13. Qb3
Be6 14. Be3 Qd7 1/2-1/2

[Event "DEN-ch Jr op"]
[Site "Haderslev"]
[Date "1981.06.??"]
[Round "4"]
[White "Madsen, John"]
[Black "Andresen, Jesper"]
[Result "1-0"]
[WhiteElo "2023"]
[BlackElo "1919"]

1. e4 c5 2. Nf3 Nc6 3. d4 cxd4 4. Nxd4 Nf6 5. Nc3 e5 6. Ndb5 d6 7. Bg5
a6 8. Na3 Be6 9. Bc4 b5 10. Bxf6 Qxf6 11. Nd5 Qd8 12. Bd3 Be7 13. c3
O-O 14. Nc2 f5 15. O-O f4 16. a4 bxa4 17. Rxa4 a5 18. Bc4 Bf7 19. Na3
Kh8 20. f3 Bh4 21. Nb5 Rc8 22. Qd2 h5 23. Kh1 g5 24. Rg1 g4 25. g3 Bg5
26. gxf4 Bxd5 27. fxg5 Bxc4 28. Rxc4 Rxf3 29. Nxd6 Qf8 30. Nxc8 Rf2
31. Qe3 Rf3 32. Qc5 Qf4 33. Qxc6 Rh3 34. Qe8+ 1-0

[Event "DEN-ch Jr op"]
[Site "Haderslev"]
[Date "1981.06.??"]
[Round "4"]
[White "Nielsen, Lars"]
[Black "Kirkmeester, Heiko"]
[Result "0-1"]
[WhiteElo "2037"]
[BlackElo "2225"]

1. e4 e6 2. d4 d5 3. Nd2 b6 4. Ngf3 dxe4 5. Nxe4 Bb7 6. Bb5+ c6 7. Bd3
Be7 8. Qe2 Nf6 9. O-O Nbd7 10. Neg5 O-O 11. Re1 c5 12. Nxe6 Bxf3 13.
gxf3 fxe6 14. Qxe6+ Kh8 15. Qxe7 Qc7 16. Qe2 Rae8 17. Qf1 Rxe1 18. Qxe1
cxd4 19. Bg5 Ne5 20. Qe2 Nh5 21. Be4 h6 22. Bd2 Nf4 23. Bxf4 Rxf4 24.
Rd1 Qf7 25. Kh1 Qf6 26. Qb5 Rxe4 0-1

[Event "DEN-ch Jr op"]
[Site "Haderslev"]
[Date "1981.06.??"]
[Round "4"]
[White "Norgaard, Jesper"]
[Black "Hofmann, Michael"]
[Result "1-0"]
[WhiteElo "2244"]
[BlackElo "2061"]

1. e4 c5 2. Nf3 g6 3. d4 Bg7 4. d5 b5 5. c4 bxc4 6. Bxc4 d6 7. h3 Nf6
8. Qc2 O-O 9. O-O Nbd7 10. Bg5 Rb8 11. Nc3 h6 12. Be3 Nb6 13. Be2 Ne8
14. Rad1 Nc7 15. Nd2 f5 16. f4 e6 17. dxe6 Nxe6 18. Nf3 Bb7 19. Qb3 Qe7
20. Nh4 Kh7 21. Nxg6 Kxg6 22. exf5+ Rxf5 23. g4 Nd4 24. gxf5+ Kh7 25.
Bxd4 Bxd4+ 26. Kh2 Bxc3 27. Bd3 Bf6 28. Rde1 Qf8 29. Qa3 a6 30. Qa5 Nd5
31. Be4 Qf7 32. Qd2 Rg8 33. Qd1 Kh8 34. Qf3 Bd4 35. Re2 Ba8 36. Qb3 Rg7
37. Qb8+ Rg8 38. Qxd6 Nxf4 39. Qxf4 1-0

[Event "DEN-ch Jr op"]
[Site "Haderslev"]
[Date "1981.06.??"]
[Round "4"]
[White "Ray, Dennis"]
[Black "Windelboe, Werner"]
[Result "1-0"]
[WhiteElo "2126"]
[BlackElo "1982"]

1. e4 c6 2. d4 d5 3. e5 Bf5 4. g4 Bd7 5. Be3 e6 6. Nd2 c5 7. dxc5 Nc6
8. Ngf3 Qc7 9. c3 Nxe5 10. Nxe5 Qxe5 11. Be2 Qc7 12. b4 g6 13. Nb3 Bg7
14. Rc1 a6 15. O-O Ne7 16. Qd2 Bb5 17. Bxb5+ axb5 18. Nd4 Qd7 19. Qe2
Bxd4 20. Bxd4 Rg8 21. Rc2 h5 22. f3 O-O-O 23. a4 bxa4 24. b5 Kc7 25.
Be5+ Kc8 26. Ra2 b6 27. Rxa4 1-0

[Event "DEN-ch Jr op"]
[Site "Haderslev"]
[Date "1981.06.??"]
[Round "4"]
[White "Schandorff, Lars"]
[Black "Caspersen, Jes"]
[Result "1-0"]
[WhiteElo "2165"]
[BlackElo "1907"]

1. e4 e6 2. d3 d5 3. Nd2 Nf6 4. Ngf3 c5 5. g3 Nc6 6. Bg2 Be7 7. O-O O-O
8. Re1 Qc7 9. Qe2 b5 10. e5 Nd7 11. Nf1 a5 12. Bf4 Ba6 13. c3 c4 14. d4
b4 15. h4 a4 16. a3 bxa3 17. bxa3 Rab8 18. Ne3 Qa5 19. Nd1 Rb3 20. Bh3
h6 21. g4 Bc8 22. g5 h5 23. g6 fxg6 24. Bxe6+ Kh7 25. Qe3 Nb6 26. Bxc8
Nxc8 27. Kh1 Qd8 28. Rg1 Bxh4 29. Bg5 Rxf3 30. Qxf3 Bxg5 31. Qg3 Nxd4
32. Qxg5 Qxg5 33. Rxg5 Ne2 34. e6 Ne7 35. Ne3 Nxc3 36. Re5 Ne4 37. Kg2
c3 38. Nxd5 Nxd5 39. Rxd5 Nf6 40. e7 Rb6 41. Re5 Rb8 42. Rc1 Rc8 43.
Kf3 Kg8 44. Re3 Re8 45. Re5 Rc8 46. Ke2 Kf7 47. Kd3 Ng8 48. e8=Q+ Rxe8
49. Rxe8 Kxe8 50. Rxc3 Nf6 51. Rc4 Nd7 52. Rd4 1-0

[Event "DEN-ch Jr op"]
[Site "Haderslev"]
[Date "1981.06.??"]
[Round "4"]
[White "Watson, William"]
[Black "Prie, Erik"]
[Result "1/2-1/2"]
[WhiteElo "2350"]
[BlackElo "2160"]

1. e4 e6 2. d4 d5 3. Nc3 Nc6 4. Nf3 Nf6 5. Bd3 Bb4 6. e5 Ne4 7. O-O
Nxc3 8. bxc3 Bxc3 9. Re1 Nxd4 10. Nxd4 Bxd4 11. Bb5+ c6 12. Qxd4 cxb5
13. Qg4 Kf8 14. Re3 h5 15. Qf4 1/2-1/2

[Event "DEN-ch Jr op"]
[Site "Haderslev"]
[Date "1981.06.??"]
[Round "4"]
[White "Winants, Luc"]
[Black "Bang, Peter"]
[Result "1/2-1/2"]
[WhiteElo "2138"]
[BlackElo "1945"]
[WhiteElo "2200"]
[BlackElo "2290"]

1. d4 Nf6 2. c4 g6 3. Nc3 d5 4. cxd5 Nxd5 5. e4 Nxc3 6. bxc3 Bg7 7. Nf3
c5 8. Be3 Bg4 9. Qa4+ Nc6 10. Ne5 Bxe5 11. dxe5 Qc7 12. Bb5 Bd7 13. O-O
a6 14. e6 Bxe6 15. Bxc5 Rc8 16. Be2 Qa5 17. Qxa5 Nxa5 18. Bb4 Nc4
1/2-1/2

[Event "DEN-ch Jr op"]
[Site "Haderslev"]
[Date "1981.06.??"]
[Round "4"]
[White "Zielinski, Marek"]
[Black "Nielsen, Jan"]
[Result "1-0"]
[WhiteElo "2125"]
[BlackElo "2023"]

1. e4 c5 2. Nf3 Nc6 3. d4 cxd4 4. Nxd4 Nf6 5. Nc3 e6 6. Ndb5 d6 7. Bf4
e5 8. Bg5 a6 9. Na3 b5 10. Bxf6 gxf6 11. Nd5 f5 12. Bd3 Be6 13. O-O Rc8
14. c4 fxe4 15. Bxe4 Nd4 16. f4 f5 17. fxe5 dxe5 18. Bxf5 Bxf5 19. Rxf5
Nxf5 20. Qh5+ Kd7 21. Qxf5+ Kc6 22. Qe4 Bc5+ 23. Kh1 Kd6 24. Nc2 Qg5
25. b4 Bf2 26. Rd1 Ke6 27. Nce3 Rhd8 28. Rf1 Rf8 29. Rd1 Rfd8 30. Rf1
Bxe3 31. Nxe3 Rc7 32. h3 Rd4 33. Qa8 Qxe3 34. Qg8+ Kd7 35. Rf7+ Kc6
36. Qa8+ Kd6 37. Qd8+ 1-0